சீங்க முடியுமா/
Saved in:
| Main Author: | |
|---|---|
| Format: | Book |
| Language: | English Tamil |
| Published: |
சென்னை:
பிரியா நிலையம்,
2026 .
|
| Edition: | 1ம் பதிப்பு |
| Subjects: | |
| Tags: |
Add Tag
No Tags, Be the first to tag this record!
|
MARC
| LEADER | 00000nam a22000007a 4500 | ||
|---|---|---|---|
| 003 | LK-TrUPL | ||
| 005 | 20260417112905.0 | ||
| 008 | 260417b |||||||| |||| 00| 0 eng d | ||
| 040 | |a LK-TrUPL |b tam |d LK-TrUPL | ||
| 041 | |a tam | ||
| 082 | |2 23 |a 894.811 |b அம்மு | ||
| 100 | |a அம்மு யோகா | ||
| 245 | |a சீங்க முடியுமா/ |c அம்மு யோகா | ||
| 250 | |a 1ம் பதிப்பு | ||
| 260 | |a சென்னை: |b பிரியா நிலையம், |c 2026 . | ||
| 300 | |a ப,344: |c ச.மீ,19; | ||
| 650 | 0 | |a கதை | |
| 942 | |c LBK | ||
| 999 | |c 13348 |d 13348 | ||